| 000 | 01263nam a22002417a 4500 | ||
|---|---|---|---|
| 005 | 20101224150352.0 | ||
| 008 | 101224t xxu||||| |||| 00| 0 mar d | ||
| 010 | _aMAR-20467 | ||
| 020 |
_a9788184981889 _c180.00 |
||
| 035 | _aMR-13125 | ||
| 037 | _bDBAD / PUB | ||
| 040 |
_aDPL _bMR |
||
| 082 | _a658.8 | ||
| 100 |
_aरिचर्ड कोच _925101 |
||
| 245 |
_aद स्टार प्रिन्सिपल : _cरिचर्ड कोच : श्याम भुर्के द्वारा अनुवादित _bते तुम्हाला श्रीमंत बनविणार / |
||
| 246 |
_aThe Star Principal _bby Richard Koch |
||
| 260 |
_aपुणे _bमेहता पब्लिशिंग हाऊस _c2011 |
||
| 270 |
_a1941,सदाशिव पेठ,माडीवाले कॉलनी, _bपुणे _e411030 |
||
| 300 |
_aआठ 186पृ _c21सेमी (अजिल्द) |
||
| 700 |
_aभुर्के,श्याम _925102 |
||
| 942 |
_2ddc _cMR _mरिचर्ड _h658.8 |
||
| 999 |
_c49511 _d49511 |
||